[Event "22.Deutsche Senioreneinzelmeisterschaft"]
[Site "Berlin-Spandau"]
[Date "2010.08.16"]
[Round "1.1"]
[White "Schmidt, Bodo"]
[Black "Wulf, Adalbert"]
[Result "1-0"]
[WhiteElo "2353"]
[BlackElo "1805"]
[EventDate "2010.08.??"]
[PlyCount "55"]
[EventType "swiss"]
[EventRounds "9"]
[EventCountry "GER"]

1.d4 d5 2.c4 c6 3.Nf3 Nf6 4.e3 e6 5.Nbd2 Nbd7 6.Bd3 Bd6 7.O-O O-O 8.e4 
dxe4 9.Nxe4 Nxe4 10.Bxe4 Nf6 11.Bc2 Qc7 12.Bg5 Ne8 13.Qd3 g6 14.c5 Bf4 15.
Rfe1 f6 16.Bxf4 Qxf4 17.Re4 Qh6 18.Bb3 Nc7 19.Nd2 Bd7 20.Nc4 Nd5 21.Nd6 b6
22.Rae1 b5 23.Qg3 f5 24.R4e2 a5 25.a3 a4 26.Bxd5 exd5 27.f4 Rfd8 28.Re7 
1-0

[Event "22.Deutsche Senioreneinzelmeisterschaft"]
[Site "Berlin-Spandau"]
[Date "2010.08.16"]
[Round "1.2"]
[White "Maetzing, Hans-Dieter"]
[Black "Werner, Clemens"]
[Result "0-1"]
[WhiteElo "1805"]
[BlackElo "2308"]
[EventDate "2010.08.??"]
[PlyCount "82"]
[EventType "swiss"]
[EventRounds "9"]
[EventCountry "GER"]

1.Nc3 e5 2.Nf3 d6 3.d4 exd4 4.Nxd4 g6 5.g3 Nc6 6.Nxc6 bxc6 7.Qd4 Qf6 8.
Qe4+ Ne7 9.Bg2 Bg7 10.h4 Bd7 11.Bg5 Qe6 12.Qd3 h6 13.Be3 Nf5 14.Nb5 cxb5 
15.Bxa8 Nxe3 16.Qxe3 Qxe3 17.fxe3 Bxb2 18.Rb1 Be5 19.Kf2 c6 20.Bb7 Ke7 21.
c4 Rb8 22.cxb5 Rxb7 23.bxc6 Bxc6 24.Rxb7+ Bxb7 25.Rb1 Bc6 26.Rb3 d5 27.Ra3
Bb8 28.g4 Kd6 29.Ra5 Kc7 30.Ra3 f6 31.Kf3 Kd6 32.Ra5 Kc7 33.Ra3 d4+ 34.e4 
f5 35.gxf5 gxf5 36.Kf4 fxe4 37.Ke5 d3 38.exd3 e3 39.d4 e2 40.Re3 Kd7+ 41.
Kf5 Bf3 0-1

[Event "22.Deutsche Senioreneinzelmeisterschaft"]
[Site "Berlin-Spandau"]
[Date "2010.08.16"]
[Round "1.3"]
[White "Clemens, Christian"]
[Black "Liszka, Guenter"]
[Result "1-0"]
[WhiteElo "2274"]
[BlackElo "1803"]
[EventDate "2010.08.??"]
[PlyCount "61"]
[EventType "swiss"]
[EventRounds "9"]
[EventCountry "GER"]

1.g3 d5 2.Nf3 Nf6 3.Bg2 e6 4.O-O Be7 5.d4 Nbd7 6.c4 O-O 7.Qc2 Re8 8.Rd1 c6
9.b3 b6 10.Nc3 Bb7 11.e4 Nxe4 12.Nxe4 dxe4 13.Qxe4 Nf6 14.Qc2 Rc8 15.Bb2 
Qc7 16.Rd2 h6 17.Rad1 Bb4 18.Re2 Be7 19.a3 a5 20.Ne5 Ba8 21.f4 Nd7 22.Ng4 
Nf6 23.Ne3 Nd7 24.Rde1 Bf6 25.Ng4 Qb8 26.Re3 h5 27.Nxf6+ Nxf6 28.Bf3 c5 
29.d5 exd5 30.Be5 Qa7 31.Bxf6 1-0

[Event "22.Deutsche Senioreneinzelmeisterschaft"]
[Site "Berlin-Spandau"]
[Date "2010.08.16"]
[Round "1.4"]
[White "Sailer, Hans-Peter"]
[Black "Khanukov, Boris"]
[Result "0-1"]
[WhiteElo "1798"]
[BlackElo "2258"]
[EventDate "2010.08.??"]
[PlyCount "79"]
[EventType "swiss"]
[EventRounds "9"]
[EventCountry "GER"]

1.e4 g6 2.d4 Bg7 3.Nc3 c6 4.Be3 d5 5.Nf3 dxe4 6.Nxe4 Nd7 7.Bc4 Nb6 8.Bb3 
a5 9.a4 Nd5 10.Qe2 Bf5 11.Ng3 Bg4 12.Rd1 Ngf6 13.O-O O-O 14.h3 Bxf3 15.
Qxf3 b5 16.Ne4 Nxe4 17.Qxe4 e6 18.Rfe1 Qd7 19.Bf4 Nb6 20.axb5 cxb5 21.c3 
a4 22.Ba2 a3 23.Qc2 axb2 24.Qxb2 Rfc8 25.Bb3 Na4 26.Bxa4 bxa4 27.Ra1 Bf8 
28.Reb1 Qc6 29.Bd2 a3 30.Qb5 Qe4 31.Be1 Bd6 32.Qb3 h5 33.Qd1 Qf4 34.Kf1 
Rab8 35.Qd3 Rb2 36.c4 Rcb8 37.g3 Rxb1 38.Rxb1 Rxb1 39.Qxb1 Qxd4 40.Qc2 0-1

[Event "22.Deutsche Senioreneinzelmeisterschaft"]
[Site "Berlin-Spandau"]
[Date "2010.08.16"]
[Round "1.5"]
[White "Gruzmann, Boris"]
[Black "Smits, Oswald"]
[Result "1-0"]
[WhiteElo "2248"]
[BlackElo "1797"]
[EventDate "2010.08.??"]
[PlyCount "133"]
[EventType "swiss"]
[EventRounds "9"]
[EventCountry "GER"]

1.e4 g6 2.d4 d6 3.Nc3 Bg7 4.Be3 e6 5.Qd2 Nd7 6.h4 Ndf6 7.f3 h5 8.Nh3 Qe7 
9.Bg5 Bh6 10.Be2 Bxg5 11.hxg5 Nd7 12.Nf2 b6 13.g4 Bb7 14.O-O-O O-O-O 15.
Rh3 f6 16.gxh5 Rxh5 17.Rxh5 gxh5 18.Rh1 Qh7 19.Nh3 fxg5 20.Nxg5 Qh6 21.f4 
Qf6 22.Rxh5 e5 23.fxe5 dxe5 24.d5 Nf8 25.Nf3 Nd7 26.Qg5 Re8 27.Qf5 a6 28.
Qh3 Kd8 29.Rf5 Qh6+ 30.Qxh6 Nxh6 31.Rh5 Nf7 32.Rh7 Rf8 33.Kd2 Nf6 34.Rg7 
Nh5 35.Rh7 Nf6 36.Rg7 Nh5 37.Rg1 Nf6 38.Ke3 Rg8 39.Rxg8+ Nxg8 40.Nd1 Nf6 
41.Nf2 Bc8 42.Nh4 Ke7 43.c4 a5 44.b3 Bd7 45.a3 Bc8 46.b4 axb4 47.axb4 Ba6 
48.Ng6+ Kd8 49.c5 Bxe2 50.Kxe2 bxc5 51.bxc5 Nd7 52.Nd3 Nf6 53.Ke3 Ng5 54.
Nf2 Nf7 55.Kd3 Kd7 56.Kc4 Kc8 57.Kb5 Ng5 58.Nxe5 Ngxe4 59.Nxe4 Nxe4 60.Kc6
Kd8 61.Ng6 Kc8 62.Nf4 Nf6 63.Ne6 Ne8 64.Nd4 Nf6 65.Nb5 Ne8 66.d6 Kd8 67.
dxc7+ 1-0

[Event "22.Deutsche Senioreneinzelmeisterschaft"]
[Site "Berlin-Spandau"]
[Date "2010.08.16"]
[Round "1.6"]
[White "Neumeister, Herbert"]
[Black "Bakhmatov, Eduard"]
[Result "0-1"]
[WhiteElo "1795"]
[BlackElo "2237"]
[PlyCount "68"]
[EventDate "2010.08.??"]
[EventType "swiss"]
[EventRounds "9"]
[EventCountry "GER"]

1. Nf3 Nf6 2. g3 c5 3. d3 d5 4. Bg2 Nc6 5. Nbd2 e5 6. c3 Be7 7. e4 O-O 8. O-O
Re8 9. Re1 Bf8 10. Qc2 Rb8 11. a3 a5 12. Nf1 d4 13. c4 Bd7 14. h3 Bd6 15. Qe2
a4 16. Nh4 g6 17. Bg5 Be7 18. f4 Nh5 19. Bxe7 Qxe7 20. f5 Nxg3 21. Qg4 Nh5 22.
Ng3 Nf4 23. Ne2 Kh8 24. Nxf4 exf4 25. Nf3 Ne5 26. Nxe5 Qxe5 27. Rf1 gxf5 28.
Qxf4 Qxf4 29. Rxf4 b5 30. Rc1 bxc4 31. Rxc4 fxe4 32. Bxe4 Rxb2 33. Rxf7 Rxe4
34. dxe4 Be6 0-1

[Event "22.Deutsche Senioreneinzelmeisterschaft"]
[Site "Berlin-Spandau"]
[Date "2010.08.16"]
[Round "1.7"]
[White "Rotstein, Jefim"]
[Black "Zimmermann, Manfred"]
[Result "1-0"]
[WhiteElo "2210"]
[BlackElo "1793"]
[EventDate "2010.08.??"]
[PlyCount "145"]
[EventType "swiss"]
[EventRounds "9"]
[EventCountry "GER"]

1.d4 d5 2.Nf3 Nf6 3.c4 e6 4.Nc3 Be7 5.Bg5 O-O 6.e3 h6 7.Bh4 Ne4 8.Bxe7 
Qxe7 9.Qc2 Nxc3 10.Qxc3 b6 11.cxd5 exd5 12.Rc1 c6 13.Bd3 Bb7 14.O-O Rc8 
15.Rfe1 Nd7 16.e4 dxe4 17.Bxe4 Qd6 18.Ne5 Nxe5 19.dxe5 Qe6 20.f4 g6 21.Qf3
Kg7 22.f5 Qxe5 23.fxg6 fxg6 24.Qg4 Qf6 25.Bxg6 Rc7 26.Re3 Qg5 27.Qd4+ Kg8 
28.Rce1 
    ( 28.Rd1 Rf8 29.Re8 Rc8 30.Rxc8 Bxc8 31.Be4 c5 32.Qd5+ Kg7 33.Qd6 Ba6 
    34.h4 Qf6 35.Qc7+ Qf7 36.Qg3+ Kh8 37.Bg6 Qd7 )
28...Rf8 29.Re8 Rc8 30.Rxc8 Bxc8 31.Be4 c5 32.Qd5+ Kg7 33.Qd6 Ba6 34.h4 
Qf6 35.Qc7+ Qf7 36.Qg3+ Kh8 37.Bg6 Qd7 38.h5 Qd4+ 39.Kh2 Qf6 40.Qe3 Qf4+ 
41.Qxf4 Rxf4 42.Re8+ Kg7 43.Re7+ Kf6 44.Rxa7 Bc4 45.Kg3 Rd4 46.b3 Be6 47.
Rb7 Rb4 48.Bd3 Rd4 49.Be2 Rd2 50.Bf3 Rd6 51.Rh7 Rd2 52.Rxh6+ Ke5 53.Rg6 
Rxa2 54.h6 Rd2 55.Bg4 Rd3+ 56.Kh4 Bf7 57.Rxb6 Rd8 58.Bh5 Bd5 59.g4 Be6 60.
Rb7 Rd1 61.h7 Kf4 62.Kh3 Bd5 63.Rf7+ Bxf7 64.h8=Q Rh1+ 65.Kg2 Bd5+ 66.Kf2 
Rh2+ 67.Ke1 Rh1+ 68.Kd2 Rh2+ 69.Kc1 Rh1+ 70.Kb2 Rh2+ 71.Ka3 Re2 72.Qf6+ 
Ke4 73.Bg6+ 1-0

[Event "22.Deutsche Senioreneinzelmeisterschaft"]
[Site "Berlin-Spandau"]
[Date "2010.08.16"]
[Round "1.8"]
[White "Raabe, Joachim"]
[Black "Schumacher, Gottfried"]
[Result "0-1"]
[WhiteElo "1790"]
[BlackElo "2200"]
[EventDate "2010.08.??"]
[PlyCount "56"]
[EventType "swiss"]
[EventRounds "9"]
[EventCountry "GER"]

1.c4 Nf6 2.Nf3 g6 3.g3 Bg7 4.Bg2 O-O 5.O-O c5 6.Nc3 d5 7.cxd5 Nxd5 8.Nxd5 
Qxd5 9.d3 Nc6 10.Ng5 Qd7 11.Bh3 Qc7 12.Bg2 b6 13.Qa4 Bb7 14.Qh4 h6 15.Nf3 
h5 16.Bf4 Qd7 17.Rab1 Rfe8 18.Bh3 Qd5 19.Bg2 Nd4 20.Rfe1 Bf6 21.e4 Nxf3+ 
22.Bxf3 Qxd3 23.Bg5 Qxf3 24.Re3 Bxg5 25.Qxg5 Qf6 26.Qh6 Rad8 27.f4 Qd4 28.
f5 Bxe4 0-1

[Event "22.Deutsche Senioreneinzelmeisterschaft"]
[Site "Berlin-Spandau"]
[Date "2010.08.16"]
[Round "1.9"]
[White "Schippan, Bernhard"]
[Black "Didzuhn, Werner"]
[Result "1-0"]
[WhiteElo "2195"]
[BlackElo "1788"]
[EventDate "2010.08.??"]
[PlyCount "77"]
[EventType "swiss"]
[EventRounds "9"]
[EventCountry "GER"]

1.e4 e5 2.Nf3 d6 3.Bc4 Nf6 4.Ng5 d5 5.exd5 h6 6.Nf3 e4 7.Ne5 Bd6 8.d4 exd3
9.Nxd3 O-O 10.O-O Bg4 11.f3 Bf5 12.Nc3 c6 13.Nf4 Qc7 14.g3 Nbd7 15.Bd3 
Bxd3 16.Qxd3 Rad8 17.dxc6 bxc6 18.Kg2 Rfe8 19.Bd2 Ne5 20.Qa6 Bc5 21.Rad1 
Rd7 22.Bc1 Red8 23.Rxd7 Rxd7 24.Re1 g5 25.Nd3 Nxd3 26.cxd3 Bf8 27.Qc4 Bg7 
28.Ne4 Nd5 29.Nc5 Rd8 30.b3 Nb6 31.Qe4 Nd5 32.Qc4 Nb6 33.Qc2 Nd5 34.a3 Be5
35.b4 a5 36.Bd2 axb4 37.axb4 Qd6 38.Nb7 Nxb4 39.Qc4 1-0

[Event "22.Deutsche Senioreneinzelmeisterschaft"]
[Site "Berlin-Spandau"]
[Date "2010.08.16"]
[Round "1.10"]
[White "Habedank, Detlef"]
[Black "Bachmann, Karlheinz"]
[Result "0-1"]
[WhiteElo "1788"]
[BlackElo "2192"]
[EventDate "2010.08.??"]
[PlyCount "54"]
[EventType "swiss"]
[EventRounds "9"]
[EventCountry "GER"]

1.e4 c5 2.d3 Nc6 3.c3 Nf6 4.Be2 d5 5.Qc2 g6 6.Nf3 Bg7 7.Nbd2 O-O 8.Nf1 b6 
9.Ng3 e5 10.O-O Bb7 11.Bg5 h6 12.Bd2 Qc7 13.Nh4 Kh7 14.f4 dxe4 15.dxe4 
exf4 16.Bxf4 Ne5 17.Rae1 Rae8 18.Kh1 Qc6 19.Bxe5 Rxe5 20.Nf3 Nxe4 21.Nxe4 
Rxe4 22.Bd3 Rxe1 23.Rxe1 Re8 24.Qf2 Rxe1+ 25.Nxe1 Qe6 26.Bb1 h5 27.h3 
Qxh3+ 0-1

[Event "22.Deutsche Senioreneinzelmeisterschaft"]
[Site "Berlin-Spandau"]
[Date "2010.08.16"]
[Round "1.11"]
[White "Walter, Guenter"]
[Black "Weissenborn, Michael"]
[Result "1-0"]
[WhiteElo "2184"]
[BlackElo "1782"]
[EventDate "2010.08.??"]
[PlyCount "49"]
[EventType "swiss"]
[EventRounds "9"]
[EventCountry "GER"]

1.e4 e5 2.Nf3 Nc6 3.Bb5 g6 4.c3 Bg7 5.d4 a6 6.Bxc6 dxc6 7.Nxe5 Qe7 8.O-O 
Bxe5 9.dxe5 Qxe5 10.Be3 f6 11.Bd4 Qe7 12.c4 Be6 13.Qe2 Rd8 14.Bc3 Qf7 15.
Nd2 Ne7 16.f4 O-O 17.Rae1 Rfe8 18.g4 Bc8 19.e5 c5 20.e6 Qf8 21.Ne4 Rd4 22.
Bxd4 cxd4 23.g5 f5 24.Nf6+ Kg7 25.Qe5 1-0

[Event "22.Deutsche Senioreneinzelmeisterschaft"]
[Site "Berlin-Spandau"]
[Date "2010.08.16"]
[Round "1.12"]
[White "Dziura, Dieter"]
[Black "Trescher, Manfred"]
[Result "0-1"]
[WhiteElo "1779"]
[BlackElo "2167"]
[EventDate "2010.08.??"]
[PlyCount "64"]
[EventType "swiss"]
[EventRounds "9"]
[EventCountry "GER"]

1.Nf3 d5 2.d4 c6 3.c4 e6 4.e3 Nf6 5.Nc3 Nbd7 6.c5 b6 7.b4 a5 8.Bd2 axb4 9.
Na4 bxc5 10.dxc5 Nxc5 11.Nxc5 Bxc5 12.Qc2 Qd6 13.Rc1 Ne4 14.Bd3 Nc3 15.
Bxc3 bxc3 16.O-O Bb4 17.e4 d4 18.e5 Qe7 19.a4 Ba6 20.Bxa6 Rxa6 21.Qd3 Rxa4
22.Qxd4 c5 23.Qe3 O-O 24.Rfd1 Qb7 25.Ng5 h6 26.Ne4 Ba3 27.Nxc5 Bxc5 28.
Qxc5 Rc8 29.Qe3 c2 30.Rd6 Qb2 31.Rb6 Qxc1+ 32.Qxc1 Ra1 0-1

[Event "22.Deutsche Senioreneinzelmeisterschaft"]
[Site "Berlin-Spandau"]
[Date "2010.08.16"]
[Round "1.13"]
[White "Reichenbach, Werner"]
[Black "Grunewald, Peter"]
[Result "1-0"]
[WhiteElo "2162"]
[BlackElo "1778"]
[EventDate "2010.08.??"]
[PlyCount "41"]
[EventType "swiss"]
[EventRounds "9"]
[EventCountry "GER"]

1.e4 c5 2.Nc3 Nc6 3.Bb5 d6 4.Bxc6+ bxc6 5.f4 g6 6.Nf3 Bg7 7.O-O Nf6 8.d3 
O-O 9.Qe1 d5 10.Kh1 d4 11.Na4 c4 12.e5 Ne8 13.dxc4 d3 14.cxd3 Qxd3 15.b3 
Nc7 16.Nc5 Qd8 17.Ba3 Ne6 18.Rd1 Qc7 19.Qe3 Rd8 20.h3 Nxc5 21.Bxc5 1-0

[Event "22.Deutsche Senioreneinzelmeisterschaft"]
[Site "Berlin-Spandau"]
[Date "2010.08.16"]
[Round "1.14"]
[White "Kuehn, Peter"]
[Black "Neese, Hans-Joachim"]
[Result "1/2-1/2"]
[WhiteElo "1774"]
[BlackElo "2161"]
[EventDate "2010.08.??"]
[PlyCount "109"]
[EventType "swiss"]
[EventRounds "9"]
[EventCountry "GER"]

1.e4 c5 2.Nf3 d6 3.d4 cxd4 4.Nxd4 Nf6 5.Nc3 a6 6.Be2 e6 7.O-O Nbd7 8.f4 b5
9.a3 Bb7 10.Bf3 Qc7 11.Kh1 Rc8 12.Qe2 Be7 13.g4 Nb6 14.Qg2 Nfd7 15.g5 g6 
16.Nde2 O-O 17.Qh3 f5 18.gxf6 Rxf6 19.Nd4 Nf8 20.Nde2 Re8 21.b3 Rf7 22.Bb2
Bf6 23.Bg2 Bg7 24.Rac1 Bc8 25.Qg3 Nfd7 26.Rf2 Nf6 27.Rcf1 Nh5 28.Qd3 Bb7 
29.Ng3 Nf6 30.h3 Qc5 31.Rd2 Rd7 32.Nd1 Rf8 33.Bd4 Qc7 34.Qe3 Nc8 35.f5 e5 
36.Bb2 Ne7 37.fxg6 Nxg6 38.Nf5 Nf4 39.Rxf4 exf4 40.Qxf4 Ne8 41.Qg4 Kh8 42.
Nxg7 Nxg7 43.Ne3 Rdf7 44.Nf5 Bc8 45.Bxg7+ Rxg7 46.Qxg7+ Qxg7 47.Nxg7 Kxg7 
48.Rxd6 Re8 49.Rc6 Kf8 50.Rc7 h5 51.Rh7 Be6 52.Rxh5 Rc8 53.Rh6 Ke7 54.Rh7+
Kf8 55.e5 1/2-1/2

[Event "22.Deutsche Senioreneinzelmeisterschaft"]
[Site "Berlin-Spandau"]
[Date "2010.08.16"]
[Round "1.15"]
[White "Rosen, Willy"]
[Black "Fritsch, Juergen"]
[Result "1-0"]
[WhiteElo "2159"]
[BlackElo "1774"]
[EventDate "2010.08.??"]
[PlyCount "53"]
[EventType "swiss"]
[EventRounds "9"]
[EventCountry "GER"]

1.e4 e5 2.Nf3 Nc6 3.Bb5 Bc5 4.c3 Qe7 5.O-O a6 6.Ba4 b5 7.Bb3 Bb7 8.d4 Bb6 
9.a4 bxa4 10.Bxa4 f6 11.Na3 exd4 12.cxd4 O-O-O 13.Bc2 Nb4 14.d5 Nh6 15.Bf4
Nf7 16.Nc4 d6 17.Nxb6+ cxb6 18.Be3 b5 19.Bb1 f5 20.Qd4 fxe4 21.Bxe4 a5 22.
Bf5+ Rd7 23.Rxa5 Nxd5 24.Rxb5 Nxe3 25.fxe3 Re8 26.Rc1+ Kb8 27.Ra1 1-0

[Event "22.Deutsche Senioreneinzelmeisterschaft"]
[Site "Berlin-Spandau"]
[Date "2010.08.16"]
[Round "1.16"]
[White "Hellwege, Werner"]
[Black "Lieb, Harald"]
[Result "1/2-1/2"]
[WhiteElo "1773"]
[BlackElo "2153"]
[EventDate "2010.08.??"]
[PlyCount "88"]
[EventType "swiss"]
[EventRounds "9"]
[EventCountry "GER"]

1.d4 Nf6 2.Nf3 d5 3.g3 c6 4.Bg2 Bf5 5.O-O e6 6.c4 dxc4 7.Ne5 Be4 8.f3 Bxb1
9.Rxb1 Nbd7 10.Nxc4 c5 11.e3 cxd4 12.Qxd4 Bc5 13.Nd6+ Ke7 14.Nxb7 Bxd4 15.
Nxd8 Bxe3+ 16.Bxe3 Rhxd8 17.Rfd1 Nd5 18.Bf2 N7b6 19.f4 Rac8 20.Rbc1 Nc4 
21.Bxd5 exd5 22.Bd4 f6 23.Re1+ Kf7 24.Rc2 Nb6 25.Rec1 Rxc2 26.Rxc2 Ke6 27.
Kf2 Rd7 28.b3 Rb7 29.Ke3 Kd7 30.Bc5 Na8 31.Kd4 Nc7 32.Re2 Kc6 33.b4 a5 34.
Kc3 axb4+ 35.Bxb4 h5 36.f5 d4+ 37.Kc4 d3 38.Rd2 Rb5 39.Bf8 Rxf5 40.Kxd3 g5
41.Rc2+ Kb6 42.Rb2+ Kc6 43.Rc2+ Kb6 44.Rb2+ Kc6 1/2-1/2

[Event "22.Deutsche Senioreneinzelmeisterschaft"]
[Site "Berlin-Spandau"]
[Date "2010.08.16"]
[Round "1.18"]
[White "Hentzschel, Erhard"]
[Black "Dornieden, Manfred"]
[Result "0-1"]
[WhiteElo "1764"]
[BlackElo "2121"]
[EventDate "2010.08.??"]
[PlyCount "40"]
[EventType "swiss"]
[EventRounds "9"]
[EventCountry "GER"]

1.e4 g6 2.d4 Bg7 3.Be3 Nf6 4.Nd2 O-O 5.c3 d6 6.f3 e5 7.Bc4 Nc6 8.Ne2 d5 9.
dxe5 Nxe5 10.exd5 Nxd5 11.Bd4 Nxc4 12.Nxc4 Bxd4 13.Qxd4 Re8 14.Rd1 Qe7 15.
Rd2 Be6 16.O-O Nb6 17.Nxb6 axb6 18.a3 Rad8 19.Qe3 Rxd2 20.Qxd2 Bc4 0-1

[Event "22.Deutsche Senioreneinzelmeisterschaft"]
[Site "Berlin-Spandau"]
[Date "2010.08.16"]
[Round "1.19"]
[White "Bogorad, Michail"]
[Black "Bullert, Wolfgang"]
[Result "1/2-1/2"]
[WhiteElo "2118"]
[BlackElo "1762"]
[EventDate "2010.08.??"]
[PlyCount "38"]
[EventType "swiss"]
[EventRounds "9"]
[EventCountry "GER"]

1.e4 e5 2.f4 exf4 3.Nf3 Be7 4.Bc4 Nf6 5.e5 Ne4 6.O-O d5 7.Bb3 g5 8.d3 Nc5 
9.Nc3 c6 10.Nd4 Nxb3 11.Nxb3 Na6 12.Kh1 h5 13.a3 Bg4 14.Qe1 Qd7 15.Nd4 Nc7
16.b4 Ne6 17.Nb3 h4 18.Qf2 Ng7 19.Kg1 Be6 1/2-1/2

[Event "22.Deutsche Senioreneinzelmeisterschaft"]
[Site "Berlin-Spandau"]
[Date "2010.08.16"]
[Round "1.20"]
[White "Mertens, Gottfried"]
[Black "Burger, Heinrich"]
[Result "1/2-1/2"]
[WhiteElo "1762"]
[BlackElo "2115"]
[EventDate "2010.08.??"]
[PlyCount "105"]
[EventType "swiss"]
[EventRounds "9"]
[EventCountry "GER"]

1.f4 g6 2.Nf3 Bg7 3.e3 c5 4.c3 Nf6 5.d4 cxd4 6.cxd4 O-O 7.Bd3 d6 8.O-O Nc6
9.Nc3 Bg4 10.h3 Bd7 11.Bd2 Nb4 12.Bb1 Bc6 13.g4 Nbd5 14.Bd3 Nb4 15.Bb1 Rc8
16.Qe1 Nbd5 17.Bd3 Nxc3 18.Bxc3 Be4 19.Qe2 d5 20.Nd2 Bxd3 21.Qxd3 Qd7 22.
Rf2 e6 23.Raf1 Rfd8 24.Qe2 Re8 25.Qf3 Rc7 26.Rh2 b6 27.Rg2 a5 28.g5 Nh5 
29.Qd1 Bf8 30.Nf3 Bd6 31.Nh2 f5 32.Qb3 Qc6 33.Nf3 a4 34.Qd1 a3 35.Be1 Ra8 
36.b3 Qc1 37.Bd2 Qc6 38.Qc1 Qb5 39.Qb1 Rac8 40.Ne1 Qa6 41.Nd3 Qb5 42.Rc1 
Rxc1+ 43.Bxc1 Rc3 44.Ne1 Qa6 45.Rc2 Qc8 46.Bd2 Rxc2 47.Qxc2 Qb7 48.Kf2 h6 
49.h4 hxg5 50.hxg5 Ng7 51.Nd3 Ne8 52.Nb4 Qe7 53.Qc8 1/2-1/2

[Event "22.Deutsche Senioreneinzelmeisterschaft"]
[Site "Berlin-Spandau"]
[Date "2010.08.16"]
[Round "1.21"]
[White "Lueders, Gerhard"]
[Black "Perk, Egbert"]
[Result "1-0"]
[WhiteElo "2110"]
[BlackElo "1759"]
[EventDate "2010.08.??"]
[PlyCount "81"]
[EventType "swiss"]
[EventRounds "9"]
[EventCountry "GER"]

1.d4 Nf6 2.c4 d6 3.Nc3 c6 4.e4 Nbd7 5.Nf3 Qc7 6.h3 e5 7.Be3 Be7 8.Be2 b6 
9.O-O Bb7 10.d5 a6 11.dxc6 Bxc6 12.Nd2 Nc5 13.f3 Ne6 14.Nd5 Bxd5 15.cxd5 
Nf4 16.Rc1 Nxe2+ 17.Qxe2 Qb7 18.Rc6 Nd7 19.Rfc1 b5 20.b4 Qb8 21.Rc7 Bd8 
22.R7c6 O-O 23.Nb3 f5 24.exf5 Nb6 25.Qd3 Nc4 26.g4 h6 27.Rc3 a5 28.bxa5 
Bxa5 29.Rc2 Qd8 30.Kh2 Qh4 31.Bf2 Qf6 32.Nc5 Bb4 33.Nd7 Qe7 34.Nxf8 Qxf8 
35.Qb3 Bd2 36.a4 Bf4+ 37.Kg2 Na5 38.Qxb5 Nxc6 39.dxc6 Qd8 40.c7 Qc8 41.
Qd5+ 1-0

[Event "22.Deutsche Senioreneinzelmeisterschaft"]
[Site "Berlin-Spandau"]
[Date "2010.08.16"]
[Round "1.22"]
[White "Plischke, Berthold"]
[Black "Nautsch, Werner"]
[Result "0-1"]
[WhiteElo "1755"]
[BlackElo "2105"]
[EventDate "2010.08.??"]
[PlyCount "90"]
[EventType "swiss"]
[EventRounds "9"]
[EventCountry "GER"]

1.e4 d6 2.d4 g6 3.Nc3 Bg7 4.Be3 Nf6 5.Qd2 Ng4 6.Bg5 h6 7.Bf4 e5 8.dxe5 
Nxe5 9.Be2 Be6 10.Nd5 Nbc6 11.Nf3 g5 12.Be3 Bxd5 13.Qxd5 Nxf3+ 14.Bxf3 Qf6
15.Bh5 O-O 16.c3 Qe6 17.h4 Qxd5 18.exd5 Ne7 19.hxg5 hxg5 20.O-O-O Bf6 21.
Bg4 Kg7 22.Rh5 Kg6 23.c4 Rh8 24.Rdh1 Rxh5 25.Bxh5+ Kg7 26.Bg4 a6 27.b3 b5 
28.Kc2 Rb8 29.Rb1 Kg6 30.Bd2 Bd4 31.Re1 Ng8 32.Ba5 Bxf2 33.Bxc7 Rb7 34.Re2
Rxc7 35.Rxf2 bxc4 36.Bf5+ Kg7 37.bxc4 Rxc4+ 38.Kd3 Ra4 39.Bd7 Ra5 40.Kc4 
Rc5+ 41.Kd4 Ne7 42.Bc6 Nxc6+ 43.dxc6 Rxc6 44.Rb2 Rc5 45.Rb6 Ra5 0-1

[Event "22.Deutsche Senioreneinzelmeisterschaft"]
[Site "Berlin-Spandau"]
[Date "2010.08.16"]
[Round "1.23"]
[White "Dushatskiy, Fedor"]
[Black "Wawrinsky, Ludwig"]
[Result "1-0"]
[WhiteElo "2097"]
[BlackElo "1751"]
[EventDate "2010.08.??"]
[PlyCount "80"]
[EventType "swiss"]
[EventRounds "9"]
[EventCountry "GER"]

1.d4 Nf6 2.Nf3 e6 3.c4 b6 4.Nc3 Bb7 5.Bg5 Be7 6.Qc2 d6 7.e3 Nbd7 8.h3 Nh5 
9.Bxe7 Qxe7 10.Be2 Nhf6 11.O-O O-O 12.Rfd1 Rfe8 13.e4 e5 14.d5 Nf8 15.b4 
a5 16.a3 N6d7 17.Nb5 Rec8 18.Rac1 Ng6 19.g3 Nf6 20.Nh2 Rd8 21.Ng4 Nxg4 22.
Bxg4 Bc8 23.c5 Bxg4 24.hxg4 Qd7 25.Qe2 axb4 26.cxd6 cxd6 27.Rc7 Qe8 28.
axb4 Ne7 29.Rdc1 h6 30.Kg2 Rac8 31.Rxc8 Nxc8 32.Rxc8 Rxc8 33.Nxd6 Qd7 34.
Nxc8 Qxc8 35.Qd3 Qxg4 36.d6 Qd7 37.Qd5 Kf8 38.Qxe5 f6 39.Qd5 g6 40.b5 h5 
1-0

[Event "22.Deutsche Senioreneinzelmeisterschaft"]
[Site "Berlin-Spandau"]
[Date "2010.08.16"]
[Round "1.24"]
[White "Gensch, Manfred"]
[Black "Ljuboschiz, Alexander"]
[Result "0-1"]
[WhiteElo "1750"]
[BlackElo "2088"]
[EventDate "2010.08.??"]
[PlyCount "82"]
[EventType "swiss"]
[EventRounds "9"]
[EventCountry "GER"]

1.e4 e5 2.Nf3 Nc6 3.Bb5 g6 4.d4 exd4 5.Nxd4 Bg7 6.c3 Nf6 7.Bg5 h6 8.Bh4 g5
9.Bg3 Nxe4 10.Nf5 O-O 11.Qh5 Qf6 12.Nxg7 Kxg7 13.O-O d6 14.Bd3 Nc5 15.Bc2 
Bf5 16.Na3 Qg6 17.Qxg6+ Bxg6 18.Rfe1 Bxc2 19.Nxc2 Rfe8 20.Ne3 Ne7 21.Rad1 
Ne4 22.Rd4 Nxg3 23.hxg3 Kg6 24.g4 Nc6 25.Rd2 h5 26.gxh5+ Kxh5 27.Red1 Kg6 
28.Nd5 Rac8 29.Kf1 Ne7 30.Ne3 f5 31.f3 f4 32.Nc2 Nf5 33.Kf2 Ne3 34.Rc1 Nc4
35.Rd4 Ne3 36.Rd3 Nf5 37.Rd2 Re5 38.Re2 Rce8 39.Rxe5 Rxe5 40.Rh1 c5 41.Rh3
Ng3 0-1

[Event "22.Deutsche Senioreneinzelmeisterschaft"]
[Site "Berlin-Spandau"]
[Date "2010.08.16"]
[Round "1.25"]
[White "Welz, Peter"]
[Black "Jendrossek, Hans"]
[Result "1-0"]
[WhiteElo "2083"]
[BlackElo "1748"]
[EventDate "2010.08.??"]
[PlyCount "80"]
[EventType "swiss"]
[EventRounds "9"]
[EventCountry "GER"]

1.e4 e5 2.Nf3 Nc6 3.d4 exd4 4.Nxd4 Bc5 5.Nb3 Qe7 6.Nxc5 Qxc5 7.Nc3 Nf6 8.
Be2 d6 9.O-O Be6 10.Be3 Qb4 11.Qc1 Nxe4 12.Nb5 Qa5 13.a3 O-O-O 14.f3 a6 
15.b4 Qa4 16.Nd4 Nc3 17.Bd3 Ne5 18.Qd2 Nd5 19.Bf2 Nxd3 20.Qxd3 Qd7 21.c4 
Nf4 22.Qe3 g5 23.Nb3 b6 24.Rfc1 Rde8 25.Qd2 Bh3 26.c5 Ne2+ 27.Kh1 Nxc1 28.
Rxc1 Be6 29.cxb6 c6 30.Na5 Bd5 31.Qxd5 Re5 32.Qd3 Rxa5 33.bxa5 Kb7 34.Rd1 
d5 35.Qe3 Re8 36.Qxg5 Re2 37.Bg3 Qe8 38.Qf4 Re7 39.h4 Qd8 40.h5 Qe8 1-0

[Event "22.Deutsche Senioreneinzelmeisterschaft"]
[Site "Berlin-Spandau"]
[Date "2010.08.16"]
[Round "1.26"]
[White "Thielemann, Joachim"]
[Black "Fronczek, Heinrich"]
[Result "1/2-1/2"]
[WhiteElo "1744"]
[BlackElo "2080"]
[EventDate "2010.08.??"]
[PlyCount "160"]
[EventType "swiss"]
[EventRounds "9"]
[EventCountry "GER"]

1.e4 c5 2.Nc3 e6 3.g3 a6 4.Bg2 Nc6 5.d3 g6 6.Be3 Nd4 7.Qd2 Bg7 8.Rb1 Ne7 
9.Nce2 d5 10.c3 Nxe2 11.Qxe2 d4 12.Bd2 Qa5 13.Nf3 dxc3 14.bxc3 Bxc3 15.
Bxc3 Qxc3+ 16.Qd2 Qxd2+ 17.Nxd2 O-O 18.Nb3 b6 19.f4 Rd8 20.Ke2 Ra7 21.Rhd1
a5 22.Nc1 Rb7 23.Ke3 a4 24.Ne2 Bd7 25.Rdc1 Rbb8 26.d4 cxd4+ 27.Nxd4 Be8 
28.Bf1 Rdc8 29.Bb5 Bxb5 30.Rxc8+ Rxc8 31.Rxb5 Rc3+ 32.Kd2 Ra3 33.Rxb6 
Rxa2+ 34.Nc2 Kg7 35.Kc1 a3 36.Kb1 Rb2+ 37.Rxb2 axb2 38.Kxb2 e5 39.Kc3 exf4
40.gxf4 f5 41.Kd3 fxe4+ 42.Kxe4 {=} 42...Kf6 43.Ne3 h5 44.Kf3 Nc6 45.Ke4 
Ne7 46.Kf3 Ke6 47.Ke4 Kf6 48.Kf3 Nc8 49.Nd5+ Kf5 50.Ne3+ Ke6 51.Kg3 Nd6 
52.Kf3 Nf5 53.Nc4 Kd5 54.Ne3+ Kd4 55.Nc2+ Kc3 56.Ne3 Kd3 57.Ng2 Nd4+ 58.
Kf2 Nf5 59.Kf3 Kd2 60.Kf2 Kd3 61.Kf3 Nd4+ 62.Kg3 Nf5+ 63.Kf3 Kd4 64.Kf2 
Kd3 65.Kf3 Kd4 66.Ne1 Ne3 67.Kg3 Ke4 68.h3 Nf5+ 69.Kf2 Kxf4 70.Nd3+ Ke4 
71.Nc5+ Kd5 72.Nd3 g5 73.Kf3 Nd4+ 74.Ke3 Ne6 75.Kf3 Kd4 76.Nf2 Ke5 77.Nd3+
Kf5 78.Nf2 Nf4 79.Kg3 Nd5 80.Kf3 Ne7 1/2-1/2